Obnoviteľné zdroje energie 2022 : znižovanie emisií skleníkových plynov : 20. vedecko-odborná konferencia, 16.-17. máj 2022 Hotel Atrium, Nový Smokovec /

Uloženo v:
Podrobná bibliografie
Korporativní autor: Obnoviteľné zdroje energie Nový Smokovec, Slovensko (Autor)
Další autoři: Petráš, Dušan, 1956- (Editor), Švecová, Zuzana, 1970- (Editor)
Médium: Konferenční příspěvek Kniha
Jazyk:slovenština
angličtina
Vydáno: Bratislava : Slovenská spoločnosť pre techniku prostredia, [2022]
Vydání:Vydanie prvé
Témata:
ISBN:9788089878918
On-line přístup: Získat plný text
Tagy: Přidat tag
Žádné tagy, Buďte první, kdo vytvoří štítek k tomuto záznamu!

MARC

LEADER 00000nam a2200000 4500
003 SK-BrCVT
005 20250620062551.0
008 230411s2022 xo odalern 100 0 slo
020 |a 9788089878918  |q (brožované) 
040 |a SNK  |b slo  |c SNK  |e rda  |d CVT 
041 0 |a slo  |a eng 
044 |a xo  |c SK 
072 7 |a 697  |2 CVT 
080 |a 620.9:338.23  |2 2011 
080 |a 697.3/.5  |2 2011 
080 |a 697.1/.7  |2 20011 
080 |a 620.9:330.567.2  |2 2011 
111 |a Obnoviteľné zdroje energie   |n (20. :   |d 2022 :   |c Nový Smokovec, Slovensko)  |4 aut 
245 1 0 |a Obnoviteľné zdroje energie 2022 :   |b znižovanie emisií skleníkových plynov : 20. vedecko-odborná konferencia, 16.-17. máj 2022 Hotel Atrium, Nový Smokovec /  |c editor: Dušan Petráš, Zuzana Švecová 
246 3 0 |a Znižovanie emisií skleníkových plynov 
250 |a Vydanie prvé 
260 |a Bratislava :   |b Slovenská spoločnosť pre techniku prostredia,   |c [2022] 
300 |a 190 s. :   |b ilustr., fotogr., grafy, schémy, vzory ;  |c 30 cm 
366 |e 30 kusov 
500 |a Rok vydania podľa NA ISBN 
504 |a Obsahuje bibliografie 
546 |a Text čiastočne aj v angličtine 
650 0 7 |a Heating of buildings  |2 SNKPHeng 
650 0 7 |a Energy consumption  |2 SNKPHeng 
650 0 7 |a energetická politika  |2 SNKPH 
650 0 7 |a zásobovanie teplom  |2 SNKPH 
650 0 7 |a Energy policy  |2 SNKPHeng 
650 0 7 |a Heat supply  |2 SNKPHeng 
650 0 7 |a vykurovanie budov  |2 SNKPH 
650 0 7 |a spotreba energie  |2 SNKPH 
653 |a energetická politika 
653 |a zásobovanie teplom 
653 |a vykurovanie budov 
653 |a spotreba energie 
655 7 |a zborníky  |2 SNKPH  |9 34875 
700 1 |a Petráš, Dušan,  |d 1956-,  |4 edt 
700 1 |a Švecová, Zuzana,  |d 1970-  |4 edt 
910 |b V004089 
919 |a 978-80-89878-91-8 
974 |a Rita Zubonyaiová  |b CRON CRON 
992 |a AZN 
999 |c 300418  |d 300418